00462nam a22001457a 450000100060000000300090000600800410001504000160005610000250007224500860009726000770018330000130026050100150027350400280028845653BD-DhUET260418b xxu||||| |||| 00| 0 eng d c0dBD-DhUET aBiswas, Anando Kumar aDevelopment of a web platform for alumni networking and blood donation management aDhakabInstitute of Information and Communication Technology, BUETc2025 axi, 48p. aOne CD-ROM aIncludes bibliographies